000
00307nam a2200133Ia 4500
008
191201s2008 xx 000 0 und d
100
_a
GUPTA, Shashi K
245
0
_a
Management Accounting
250
_a
11th Rev.
260
_c
2008
_b
kalyani
_a
N.Delhi
300
_a
misc.
650
_a
MBA
942
_2
ddc
_c
BB
999
_c
7287
_d
7287